La réponse est (presque) une ville européenne - Statistiques

Statistiques générales
  • Ce quiz a été pris 1 896 fois
  • Le résultat moyen est 8 sur 20
Statistiques - réponses
Indice Pays Ville % Correct
Un millénaire Italie Milan
89%
De Ré, d'Oléron ou encore Maurice France Lille
84%
Alcool des Caraïbes Italie Rome
83%
On la taille dans son jardin Pays-Bas La Haye
75%
De tennis, de ping-pong, de golf ou de pistolet Suisse Bâle
71%
Se porte sur les mains en hiver Belgique Gand
66%
Et contre tous Belgique Anvers
63%
Perdre en anglais France Toulouse
58%
Si votre réponse est correcte, elle est... Allemagne Bonn
52%
Permet la comparaison tel que "de la même manière que" Italie Côme
42%
Synonyme de "perturbe" et d'"empêche" Italie Gênes
28%
Changer de direction Belgique Tournai
28%
Climat ni très chaud, ni très froid Finlande Tampere
25%
Femelle du coq Royaume-Uni Poole
22%
Princesse des cœurs dans un film avec Camille Cottin Lituanie Kaunas
20%
Une personne qui a un ou plusieurs dons France Douai
14%
Mouvement ondulatoire de la surface de la mer Royaume-Uni Hull
5%
Pièce affectée à la conservation de provisions Slovénie Celje
4%
Sous-vêtement féminin inventé au XIXe siècle Albanie Korçë
4%
Instrument à cordes de la Grèce antique proche de la lyre Pays-Bas Sittard
1%
Aucun quiz correspondant
Distribution des résultats
% des personnes avec chaque résultat
Percentile par nombre de réponses
Votre historique - résultats
Vous n’avez pas pris ce quiz